| 000 | 00494nam a2200133 a 4500 | ||
|---|---|---|---|
| 001 | 000036650 | ||
| 005 | 20200930075843.0 | ||
| 008 | 120124s1985 ag 000 0 spa d | ||
| 040 |
_aDO-SdBNP _bspa _cBNPHU |
||
| 245 | 0 | 3 |
_aLa ciudad iberoaméricana : _bactas del Seminario, Buenos Aires 1985 /. |
| 260 |
_aBuenos Aires : _bCentro de Estudios y experimentación de Obras Públicas, _c[1985?]. |
||
| 300 |
_a302 p. : _bil., mapas ; _c31 cm. |
||
| 504 | _aIncluye Bibliografía a final de cada capítulo | ||
| 999 |
_c36141 _d36141 |
||